Guess the Taylor Swift Song with No Hints - 13 - Statistics

General Stats
  • This quiz has been taken 60 times
  • The average score is 236 of 365
Answer Stats
Answer % Correct
I
100%
a
98%
the
96%
The
96%
we
94%
you
94%
your
92%
Is
90%
it
90%
to
90%
To
90%
And
88%
me
88%
my
88%
On
88%
on
88%
when
86%
When
86%
He
84%
in
84%
then
84%
all
78%
of
78%
that
76%
That
76%
that,
76%
I'm
75%
It's
71%
it's
71%
said
71%
said,
71%
was
71%
like
69%
not
69%
think
67%
Think
67%
way
67%
at
65%
him
65%
one
65%
Tim
65%
McGraw
63%
night
63%
there
63%
But
61%
eyes
61%
had
61%
Just
61%
you'll
61%
up
59%
blue
57%
hope
57%
"That's
57%
for
53%
back
51%
Oh,
51%
see
49%
favorite
47%
From
47%
head
47%
long
47%
shined
47%
song
47%
lie"
45%
little
45%
never
45%
danced
41%
dress
41%
right
41%
those
41%
black
39%
boy
39%
happiness
39%
Put
39%
Georgia
37%
here
37%
chest
35%
jeans
35%
saw
35%
shame
35%
stars
35%
truck
35%
faded
33%
gone
33%
summer
33%
thing
33%
time
33%
first
31%
old
31%
gettin'
29%
left
29%
read
29%
stuck
29%
there's
29%
Chevy
27%
takes
27%
tendency
27%
box
24%
letter
24%
moon
24%
since
24%
spotlight
24%
backroads
22%
bed
22%
beside
22%
bittersweet
22%
find
22%
lake
22%
lookin'
22%
street
22%
weren't
22%
beneath
20%
doorstep
20%
God
20%
hard
20%
place
20%
standing
20%
tears
20%
month
18%
September
18%
thanking
18%
radio
16%
Someday
16%
summers
16%
three
16%
turn
16%
woke
16%
believe
12%
Mmm
12%
nice
12%
No matching quizzes found
Score Distribution
Percent of People with Each Score
Percentile by Number Answered
Your Score History
You have not taken this quiz